书目信息 |
| 题名: |
敏捷供需链管理
|
|
| 作者: | 柴跃廷 , 刘义 编著 | |
| 分册: | ||
| 出版信息: | 北京 清华大学出版社 2001.09 |
|
| 页数: | 219页 | |
| 开本: | 29cm | |
| 丛书名: | ||
| 单 册: | ||
| 中图分类: | F273.7 | |
| 科图分类: | ||
| 主题词: | 企业经济 | |
| 电子资源: | ||
| ISBN: | 7-302-04653-0 | |
| 000 | 00595nam0 2200205 45 | |
| 001 | 0432298292 | |
| 005 | 2004042708581772 | |
| 010 | @a7-302-04653-0@dCNY 23.00 | |
| 100 | @a20040427d2001 km y0chiy0120 ea | |
| 101 | 0 | @achi |
| 102 | @aCN@b110000 | |
| 200 | 1 | @a敏捷供需链管理@AMin Jie Gong Xu Lian Guan Li@f柴跃廷,刘义编著@Fchai yue ting,liu yi bian zhu |
| 210 | @a北京@c清华大学出版社@d2001.09 | |
| 215 | @a219页@d29cm | |
| 606 | 0 | @a企业经济 |
| 690 | 1 | @aF273.7@v4 |
| 701 | 0 | @a柴跃廷@Achai yue ting@4编著 |
| 701 | 0 | @a刘义@Aliu yi@4编著 |
| 801 | 0 | @aCN@bPFT@c20040427 |
| 905 | @dF273.7@eC210 | |
| 敏捷供需链管理/柴跃廷,刘义编著.-北京:清华大学出版社,2001.09 |
| 219页;29cm |
| ISBN 7-302-04653-0:CNY 23.00 |
| ● |
| 相关链接 |
|
|
|
正题名:敏捷供需链管理
索取号:F273.7/C210
 
预约/预借
| 序号 | 登录号 | 条形码 | 馆藏地/架位号 | 状态 | 备注 |
| 1 | 381173 | 203811731 | 社科库409/409社科库 93排1列5层/ [索取号:F273.7/C210] | 在馆 | |
| 2 | 381174 | 203811740 | 社科库409/409社科库 93排1列5层/ [索取号:F273.7/C210] | 在馆 | |
| 3 | 381175 | 203811759 | 社科库409/409社科库 93排1列5层/ [索取号:F273.7/C210] | 在馆 |